Name the Nike SB dunk low 2 - Statistics

General Stats
  • This quiz has been taken 22 times
    20 since last reset
  • The average score is 5 of 16
Answer Stats
Picture Answer % Correct
Purple Lobster
86%
Travis Scott
79%
What the Dunk
57%
Mummy
50%
Dodgers
43%
Polaroid
43%
Blue Raspberry
29%
Matcha
29%
Abstract Art
21%
Cali
21%
Born x Raised
14%
Futura Laboratories
14%
Purple Pigeon
14%
Baby Bear
7%
Club 58 Gulf
7%
Rodeo
7%
No matching quizzes found
Score Distribution
Percent of People with Each Score
Percentile by Number Answered
Your Score History
You have not taken this quiz since the last reset